| 000 | 00832nam a22002537a 4500 | ||
|---|---|---|---|
| 003 | OSt | ||
| 005 | 20220107122854.0 | ||
| 008 | 190716b xxu||||| |||| 00| 0 eng d | ||
| 020 | _a9781788991674 | ||
| 040 | _cIIITMK | ||
| 082 | _a910.285 ISL/H | ||
| 100 |
_aIslam, Shammunul _916229 |
||
| 245 |
_aHands on geospatial analysis with R and QGIS: _bA biginner's guide to manipulating, managing and analyzing spatial data using R and QGIS 3.2.2 _cShammunul Islam |
||
| 260 |
_aBirmingham, _bPackt Publishing, _c2018. |
||
| 300 | _av, 340p. | ||
| 650 |
_aGEOGRAPHICAL INFORMATION SYSTEMS _916871 |
||
| 650 |
_aGIS _916872 |
||
| 650 |
_aGEOSPATIAL ANALYSIS _916873 |
||
| 650 |
_aCOMPUTER PROGRAMMING _916874 |
||
| 650 |
_aR PROGRAMMING _916875 |
||
| 650 |
_aQGIS _916876 |
||
| 650 |
_aSPATIAL DATA ANALYSIS _916877 |
||
| 942 |
_2ddc _cBK |
||
| 999 |
_c6585 _d6585 |
||